| 000 | 00723nam a22001937a 4500 | ||
|---|---|---|---|
| 003 | LK-CoDNM | ||
| 005 | 20250217154635.0 | ||
| 008 | 250217b |||||||| |||| 00| 0 eng d | ||
| 040 |
_aLK-CoDNM _dLK-CoDNM _eLK-CoDNM |
||
| 041 | _asin | ||
| 080 |
_aRC _b393 |
||
| 100 | _a කළුකොදයාවෙි ප්රඥාශේඛර මහනාහිමි | ||
| 245 | _aසිංහල සගරා හා පුවත්පත් පිළිබද නාමාවලිය | ||
| 260 |
_aUnknown _bUnknown _g1975 |
||
| 300 | _a60p. : ; 21cm | ||
| 650 | _aRare Collection | ||
| 650 | _aසිංහල සගරා හා පුවත්පත් පිළිබද නාමාවලිය | ||
| 942 | _cBK | ||
| 999 |
_c238074 _d238074 |
||